| 000 | 00779nac a22002051u 4500 | ||
|---|---|---|---|
| 090 | _c2329 | ||
| 008 | 080806t xxu||||| |||| 00| 0 eng d | ||
| 010 | _a 2005051525 | ||
| 020 | _a0131457306 | ||
| 082 | 0 | 0 |
_a624.151 _bK26 |
| 100 | _aKehew, Alan E. | ||
| 245 | 1 | 0 |
_aGeology for engineers and environmental scientists / _cAlan E. Kehew. |
| 250 | _a3rd ed. | ||
| 260 |
_aUpper Saddle River, NJ : _bPearson Prentice Hall,2006 _c2006. |
||
| 300 |
_axix, 696 p. : _bill., maps ; _c 27 cm. |
||
| 504 | _aIncludes bibliographical references and index. | ||
| 650 | 0 | _aEngineering geology. | |
| 942 |
_cBB _k624.151K26 _2ddc |
||
| 999 |
_c2329 _d2329 |
||